000 00632nam a2200205Ia 4500
003 OSt
005 20250802165553.0
008 210423s1990 xx 000 0 und d
040 _cAL
041 _aEnglish
082 _a320
_bFEUB
100 _aLewis S Feuer
_9103722
245 _aBasic writings on politics and philosophy karl max and friedrich engels
260 _aKottaym
_bOxford University Press
_c1990
365 _b429.6
_cUSD
650 _aPolitical Science
_9103723
650 _aPolitical Science
_9103723
906 _aBasic ; engels ; friedrich ; karl ; max ; philosophy ; politics ; writings
942 _2ddc
_cBK
999 _c172058
_d172058